Slovensko-ruský a rusko-slovenský geodetický slovník

Na minha lista:
Detalhes bibliográficos
Autor principal: Bábičková, V. (Author)
Formato: Livro
Idioma:eslovaco
russo
Publicado em: Bratislava : Výskumný ústav geodézie a kartografie, 1984
Edição:1. vyd.
Tags: Adicionar Tag
Sem tags, seja o primeiro a adicionar uma tag!

MARC

LEADER 00000nam a22000003a 4500
001 stu140078
005 20150617225927.9
008 070416s1984----xo------------------slo-d
040 |a STU  |b slo 
041 0 |a slo  |a rus 
044 |a xo 
080 |a 801.316.4:528=854=82 
100 1 |a Bábičková, V.  |4 aut 
245 1 |a Slovensko-ruský a rusko-slovenský geodetický slovník 
250 |a 1. vyd. 
260 |a Bratislava :  |b Výskumný ústav geodézie a kartografie,  |c 1984 
300 |a I. 220 s 
300 |a II. 210 s 
996 |c V*28583/O-11227 I  |l VV3  |s P  |a 0  |w stu140078_0001 
996 |c V*28584/O-11227 II  |l VV3  |s P  |a 0  |w stu140078_0002